Everything must change : (Record no. 12206)

000 -LEADER
fixed length control field 00843cam a2200217 a 4500
020 ## - INTERNATIONAL STANDARD BOOK NUMBER
ISBN 9780849901836 (hardcover)
020 ## - INTERNATIONAL STANDARD BOOK NUMBER
ISBN 0849901839 (hardcover)
040 ## - CATALOGING SOURCE
Transcribing agency DLC
082 00 - DEWEY DECIMAL CLASSIFICATION NUMBER
Classification number 261 THO 2007 A009 Or.
100 1# - MAIN ENTRY--AUTHOR NAME
Personal name McLaren, Brian D.,
245 10 - TITLE STATEMENT
Title Everything must change :
Remainder of title Jesus, global crises, and a revolution of hope /
260 ## - PUBLICATION, DISTRIBUTION, ETC. (IMPRINT)
Place of publication Nashville :
Name of publisher Thomas Nelson,
Year of publication c2007.
300 ## - PHYSICAL DESCRIPTION
Number of Pages v, 327 p. :
Other physical details ill. ;
Dimensions 22 cm.
520 ## - SUMMARY, ETC.
Summary, etc "What do the life and teaching of Jesus have to say about the most critical global problems in our world today?"--Provided by publisher.
650 #0 - SUBJECT ADDED ENTRY--TOPICAL TERM
Topical Term Christianity
650 #0 - SUBJECT ADDED ENTRY--TOPICAL TERM
Topical Term Christian life.
650 #0 - SUBJECT ADDED ENTRY--TOPICAL TERM
Topical Term Church and social problems
856 41 - ELECTRONIC LOCATION AND ACCESS
Uniform Resource Identifier http://www.loc.gov/catdir/toc/ecip0720/2007025312.html
856 42 - ELECTRONIC LOCATION AND ACCESS
Uniform Resource Identifier http://www.loc.gov/catdir/enhancements/fy0738/2007025312-d.html
942 ## - ADDED ENTRY ELEMENTS (KOHA)
Koha item type សៀវភៅភាសាអង់គ្លេស
952 ## - LOCATION AND ITEM INFORMATION (KOHA)
Withdrawn status [LOCAL, KOHA] 0
Holdings
Permanent Location Date acquired Koha item type Lost status Shelving location Barcode Current Location Full call number
Library Block A2017-08-11សៀវភៅភាសាអង់គ្លេស A009A26589Library Block A261 THO 2007 A009 Or.
មជ្ឈមណ្ឌលឯការនៃសាកលវិទ្យាល័យភូមិន្ទកសិកម្មចំការដូង

Powered by Koha